Manual for Medical Examiners of the Veterans' Administration (Revised Jan. 1940).

Bibliographic Details
Format: Government Document eBook
Language:English
Published: [Washington] : [s.n.], 1940.
Subjects:
Online Access:Electronic resource (PDF)

MARC

Tag First Indicator Second Indicator Subfields
LEADER 00000cam a22000001i 4500
001 in00003983421
006 m d f
007 cr bn mmmapmmp
008 400803s1940 dcu o f000 0 eng d
005 20250210233814.7
035 |a ebd1940010622 
040 |a UMI  |c UMI  |e rda  |d UtOrBLW 
086 0 |a VA 1.10:M 46/940 
099 |a VA1.10..M46_940 
110 1 |a United States.  |b Veterans Administration,  |e issuing body.  |0 http://id.loc.gov/authorities/names/n81072742 
245 1 0 |a Manual for Medical Examiners of the Veterans' Administration (Revised Jan. 1940). 
264 1 |a [Washington] :  |b [s.n.],  |c 1940. 
300 |a 1 online resource (133 pages), digital, PDF file 
336 |a text  |b txt  |2 rdacontent 
337 |a computer  |b c  |2 rdamedia 
338 |a online resource  |b cr  |2 rdacarrier 
500 |a Includes diagrams. 
533 |a Electronic reproduction.  |b [Bethesda, Md.] :  |c ProQuest,  |d 2017  |e digital, PDF file.  |n ProQuest U.S. Executive Branch Documents  |n Mode of access: World Wide Web via ProQuest website. 
588 |a Record is based on online resource; title from PDF title page (ProQuest, last viewed Apr. 2017). Reuse except for individual research requires license from ProQuest, LLC. 
650 0 |a Military hospitals.  |0 http://id.loc.gov/authorities/subjects/sh85062387 
650 0 |a Medical screening.  |0 http://id.loc.gov/authorities/subjects/sh85083024 
650 0 |a Medical supplies.  |0 http://id.loc.gov/authorities/subjects/sh85083038 
650 0 |a Periodic health examinations.  |0 http://id.loc.gov/authorities/subjects/sh85099884 
650 0 |a Self-examination, Medical.  |0 http://id.loc.gov/authorities/subjects/sh85119745 
856 4 0 |u http://proxy.library.tamu.edu/login?url=http://congressional.proquest.com/congressional/docview/t66.d71.va1.10..m46_940?  |y Electronic resource (PDF)  |t 0 
999 f f |s b1b93322-a6ab-3edb-858d-7f475b61bb78  |i de11e11a-0898-3789-8181-ec47d414f5ed  |t 0 
952 f f |a Texas A&M University  |b College Station  |c Electronic Resources  |d Available Online  |t 0  |h No information provided 
998 f f |t 0  |l Available Online